Unai Emery's Paris Saint-Germain - Statistics

General Stats
  • This quiz has been taken 13 times
  • The average score is 21 of 39
Answer Stats
Rank Player Position Nationality Matches Goals Assists % Correct
1 Edinson Cavani Centre-Forward 98 89 21
92%
25 Neymar Attacking Midfield 30 28 18
92%
6 Thiago Silva Centre-Back 79 7 3
92%
8 Alphonse Areola Goalkeeper 70 0 0
83%
3 Ángel Di María Right Winger 88 35 27
83%
7 Julian Draxler Left Winger 72 15 13
83%
17 Kevin Trapp Goalkeeper 45 0 0
83%
5 Marco Verratti Central Midfield 81 5 15
83%
4 Marquinhos Centre-Back 85 6 3
83%
11 Presnel Kimpembe Centre-Back 66 0 0
83%
10 Thomas Meunier Right-Back 70 7 12
83%
2 Adrien Rabiot Central Midfield 89 9 9
75%
14 Blaise Matuidi Central Midfield 55 7 6
75%
20 Dani Alves Right-Back 41 5 9
75%
18 Kylian Mbappé Centre-Forward 44 21 17
75%
13 Lucas Moura Right Winger 59 20 13
75%
22 Serge Aurier Right-Back 32 0 5
75%
9 Thiago Motta Defensive Midfield 70 2 4
75%
32 David Luiz Centre-Back 4 0 0
67%
15 Layvin Kurzawa Left-Back 54 8 11
67%
26 Grzegorz Krychowiak Defensive Midfield 19 0 0
58%
12 Javier Pastore Attacking Midfield 60 8 15
58%
21 Maxwell Left-Back 33 0 6
58%
33 Timothy Weah Right Winger 3 0 0
58%
16 Giovani Lo Celso Attacking Midfield 53 6 9
42%
23 Yuri Berchiche Left-Back 32 2 4
42%
19 Christopher Nkunku Attacking Midfield 43 7 2
33%
30 Gonçalo Guedes Left Winger 13 0 1
33%
28 Jesé Left Winger 14 2 0
33%
24 Hatem Ben Arfa Attacking Midfield 32 4 7
17%
34 Benjamin Stambouli Defensive Midfield 1 0 0
8%
29 Jean-Kévin Augustin Centre-Forward 13 1 2
8%
31 Jonathan Ikoné Right Winger 7 0 0
8%
27 Lassana Diarra Defensive Midfield 15 0 1
8%
35 Alec Georgen Right-Back 1 0 0
0%
39 Kévin Rimane Centre-Back 1 0 0
0%
38 Lorenzo Callegari Defensive Midfield 1 0 0
0%
37 Stanley Nsoki Centre-Back 1 0 0
0%
36 Yacine Adli Defensive Midfield 1 0 0
0%
No matching quizzes found
Score Distribution
Percent of People with Each Score
Percentile by Number Answered
Your Score History
You have not taken this quiz